00894nam a22002417a 450000500170000001000130001702000260003003500130005603700160006904000120008508200150009710000340011224501060014626000330025227000340028530000200031950000500033965000440038965000520043394200240048599900190050995201240052820170124105928.0 aB-108032 c300.00a9788186962558 aB-108032 bCen Lib/Ret aDPLbEN a305.4bDES a Deshmukh Ranadive, Joy97620 a Space for power :bWomen's work and family strategies in south-east asia /cby Joy Deshmukh-Ranadive aU.PbRainbow Publisherc2002 aA-19,Sector 56bNoidae201301 a198p.c22cm(Hb) aIncludes bibliographical references and index aWomen--Employment--Social aspects97621 aMarried women--Employment--Social aspects97622 2ddccENh305.4mDES c123666d123666 00104070aLbLd2015-06-11eCen Lib/Retg300.00l0o305 DESpB-108032r2015-06-11 00:00:00t1v300.00w2015-06-11yEN